000 00686nam a2200205Ia 4500
001 58844
008 150703n ii |||gr||||Z||||||465
020 _a978-0-415-25385-7
082 _a194
100 _aFoucault,Michel ,
_eAuthor.
245 0 _aMadness and Civilization : A History of Insanity in the age of Reason
_cMichel Foucault
_hTextual Documents
250 _aFirst.
260 _aLondon &New York
_bRoutledge Publishers
_c1967.
300 _a282pg:
_bNotes;
_c19cm.
653 _aPhilosophy
653 _aMadness and Civilization : A History of Insanity in the age of Reason
653 _aMS-Philosophy
856 _uwith an introduction by David Cooper
942 _2ddc
_cBK
999 _c58732
_d58732